| 000 | 00548nam a2200145Ia 4500 | ||
|---|---|---|---|
| 008 | 140724s9999 xx 000 0 und d | ||
| 050 |
_aRC 799 _b.On58 2007 |
||
| 100 | _aOng, Rizelda Kaye G. | ||
| 245 |
_aEffectiveness of glutaraldehyde - activated dialdehyde solution in disinffecting staphulococcus aureus and escherichia coli / _cRizelda Kaye G. Ong. |
||
| 260 |
_aLas PiƱas, Philippines : _bSouthville International School and Colleges, _cc2007. |
||
| 300 |
_a68 p. : _bill. ; _c28 cm. |
||
| 521 | _aNursing | ||
| 942 | _cTH | ||
| 999 |
_c228958 _d228958 |
||